One piece tous les personnage 1er partie - Statistiques

Statistiques générales
  • Ce quiz a été pris 84 fois
    37 depuis la dernière actualisation
  • Le résultat moyen est 295 sur 500
Statistiques - réponses
Catégorie Personnage % Correct
Equipage de chapeau de paille Brook
100%
Thriller Bark Brook
100%
Equipage de Rogers Gol D. Roger
100%
Equipage de chapeau de paille | Franky Family Franky
100%
Ancienne équipage des hommes poissons | Equipage de chapeau de paille | Prisoniers d'Impel Down Jinbe
100%
Equipage de chapeau de paille Monkey D. Luffy
100%
Equipage d'Arlong | Equipage de chapeau de paille | Village de Cocoyashi Nami
100%
Baroque Works | Equipage de chapeau de paille | Ohara Nico Robin
100%
Equipage de chapeau de paille Roronoa Zoro
100%
Archipel Sabaody | Equipage de Rogers Silver Rayleigh
100%
Equipage de chapeau de paille | Ile de Drum Tony-Tony Chopper
100%
Equipage de chapeau de paille | Village de Syrup Usopp
100%
Baratie | Equipage de chapeau de paille | Famille Vinsmoke Vinsmoke Sanji
100%
Equipage de Alvida | Logue Town Alvida
96%
Equipage de Baggy | Equipage de Rogers | Logue Town | Prisoniers d'Impel Down Baggy
96%
Equipage de Shanks Ben Beckmann
96%
Equipage de Rogers | Equipage de Shanks Shanks
96%
Equipage de Shanks Yasopp
96%
Tribu des minks Carrot
92%
Cap des jumeaux | Equipage de Rogers Crocus
92%
Village de Syrup Kaya
92%
Equipage de Rogers | Wano/capitale Kozuki Oden
92%
Equipage du chat noir Kuro
92%
Ancienne équipage des hommes poissons | Equipage d'Arlong Arlong
88%
Equipage de Bellamy Bellamy
88%
Equipage d'Ener Ener
88%
Equipage de Don krieg Don Krieg
88%
Equipage de Alvida Kobby
88%
Equipage de Shanks Lucky Roo
88%
Equipage de Teach Marshall D. Teach
88%
Baroque Works | Prisoniers d'Impel Down Mr 1
88%
Baroque Works | Prisoniers d'Impel Down Mr 2 Bon Clay
88%
Baroque Works | Prisoniers d'Impel Down Mr 3
88%
Baroque Works Mr 4
88%
Baroque Works Mr 5
88%
Alabasta | Baroque Works Nefertari Vivi
88%
Baroque Works | Prisoniers d'Impel Down Sir Crocodile
88%
Logue Town | Punk Hazard Smoker
88%
Baratie Zeff
88%
Armée Révolutionnaire | Thriller Bark Bartholomew Kuma
83%
Village d'Erbaf Broggy
83%
Equipage de Baggy | Logue Town Cabaji
83%
Village d'Erbaf Dorry
83%
Ile de Drum Dr Hiluluk
83%
Equipage de Foxy Foxy
83%
Thriller Bark Gecko Moria
83%
Equipage de Don krieg Gin
83%
Equipage du chat noir Jango
83%
Equipage de Teach Jesus Burgess
83%
CP9 Kaku
83%
Cap des jumeaux Laboon
83%
Armée Révolutionnaire | Logue Town Monkey D. Dragon
83%
Baroque Works Mr 7
83%
Alabasta Nefertari Cobra
83%
Village de Cocoyashi Nojiko
83%
Ancienne équipage des hommes poissons | Archipel Sabaody | Equipage d'Arlong Octy
83%
Thriller Bark Oz
83%
Thriller Bark Perona
83%
CP9 Rob Lucci
83%
Punk Hazard Rock
83%
Logue Town | Punk Hazard Tashigi
83%
Equipage de Teach Van Augur
83%
Ile de Drum Wapol
83%
Thriller Bark Absalom
79%
Village de Cocoyashi Belmer
79%
Equipage de Teach | Prisoniers d'Impel Down Catarina Devon
79%
Baroque Works Mr 9
79%
Equipage de Teach Doc Q
79%
Ile de Drum Dr Kureha
79%
Ancienne équipage des hommes poissons Fisher Tiger
79%
Ile des animaus rares Gaimon
79%
Shells Town Hermepp
79%
Water 7 Icebarg
79%
CP9 Kalifa
79%
Equipage de Teach Laffitte
79%
Equipage de Barbe Blanche Marco
79%
Village de Syrup Merry
79%
Shells Town Morgan
79%
Baroque Works Mr 11
79%
Equipage de Shanks Rockstar
79%
Equipage de Teach | Prisoniers d'Impel Down Shiliew
79%
Water 7 Tom
79%
Equipage de Teach Aokiji
75%
Equipage de Hawkins Basil Hawkins
75%
Equipage du Heart Bepo
75%
Equipage de Bege Capone Bege
75%
Village de Syrup Carot
75%
Famille Charlotte | Thriller Bark Charlotte Laura
75%
Famille Charlotte Charlotte Linlin
75%
Village d'Orange Chouchou
75%
Amazon lily Boa Hancock
75%
Ile de Drum Dolton
75%
Equipage de Doflamingo Don Quijote Doflamingo
75%
Equipage de Barbe Blanche Edward Newgate
75%
Armée Révolutionnaire | Prisoniers d'Impel Down Empério Ivankov
75%
Equipage de Kidd Eustass Kidd
75%
Village de Cocoyashi Genzo
75%
Equipage des Géants | Village d'Erbaf Hajrudin
75%
Gêoliers d'Impel Down Magellan
75%
Baroque Works Miss Doublefinger
75%
Baroque Works Miss Merrychristmas
75%
Baroque Works Miss Valentine
75%
Equipage de Baggy | Logue Town Morge
75%
Tribu des minks | Wano/capitale Nekomamushi
75%
Ohara Nico Olvia
75%
Village de Syrup Oignon
75%
Water 7 Paulie
75%
Equipage de Barbe Blanche | Prisoniers d'Impel Down Portgas D. Ace
75%
Thriller Bark Ryuma
75%
CP9 Spandam
75%
Equipage de Doflamingo | Equipage du Heart | Punk Hazard Trafalgar D. Water Law
75%
Equipage de Teach | Prisoniers d'Impel Down Vasco Shot
75%
Equipage de Drake X-Drake
75%
Equipage de Teach | Prisoniers d'Impel Down Avalo Pizarro
71%
CP9 Blueno
71%
Punk Hazard César Clown
71%
Equipage de Doflamingo Cesar Clown
71%
Famille Charlotte Charlotte Katakuri
71%
Famille Charlotte Charlotte Perospero
71%
Skypia Conis
71%
Equipage de Doflamingo Diamante
71%
Equipage de Doflamingo Don Quijote Rossinante
71%
Equipage de la vie en rose rider Duval
71%
Gêoliers d'Impel Down Hannyabal
71%
Alabasta | Baroque Works Igaram
71%
Equipage de Bonney Jewerly Bonney
71%
Equipage de Barbe Blanche Joz
71%
Alabasta Kaloo
71%
Archipel Sabaody | Royaume Ryugu Keimie
71%
Equipage de Kidd Killer
71%
Armée Révolutionnaire Koala
71%
Wano/capitale Kozuki Momonosuke
71%
Equipage de Macro Macro
71%
Baroque Works Miss Goldenweek
71%
Baroque Works Miss Monday
71%
Punk Hazard Momonosuke
71%
Jaya Montblanc Cricket
71%
Passé de Skypia Montblanc Norland
71%
Baroque Works Mr 13
71%
Royaume Ryugu Neptune
71%
Archipel Sabaody | Royaume Ryugu Pappag
71%
Alabasta Pell
71%
Armée Révolutionnaire Sabo
71%
Equipage du On-Air Scratchmen Apoo
71%
Ancienne équipage des hommes poissons | Equipage d'Arlong Smack
71%
Equipage de Doflamingo Sugar
71%
Equipage des moins dépravés Urouge
71%
Equipage de Doflamingo | Punk Hazard Vergo
71%
Equipage de Barbe Blanche Vista
71%
Skypia Wiper
71%
Equipage de Doflamingo | Flotte Happo Baby 5
67%
Barto-club Bartoloméo
67%
Amazon lily Boa Marigold
67%
Amazon lily Boa Sandersonia
67%
Equipage de Bege | Famille Charlotte Charlotte Chiffon
67%
Famille Charlotte Charlotte Pudding
67%
Famille Charlotte Charlotte Smoothie
67%
Thriller Bark Cindry
67%
Ohara Clover
67%
Flotte Happo Don Chinjao
67%
CP9 Fukuro
67%
Amazon lily Gloriosa
67%
Ohara Haguar D. Sauro
67%
Actuel équipage des hommes poissons Hody Jones
67%
Thriller Bark Hogback
67%
Equipage d'Ideo Idéo
67%
Armée Révolutionnaire | Prisoniers d'Impel Down Inazuma
67%
Tribu des minks | Wano/capitale Inuarashi
67%
CP9 Jabura
67%
Associé de Zoro Johnny
67%
Franky Family Kiwi
67%
Water 7 Kokoro
67%
Wano/capitale Kozuki Hiyori
67%
Wano/capitale Kozuki Toki
67%
Dressrossa Kyros
67%
Equipage de Doflamingo | Punk Hazard Monet
67%
Wano/capitale O-Tama
67%
Equipage de Don krieg Pearl
67%
Dressrossa Rebecca
67%
Equipage de Teach | Prisoniers d'Impel Down Sanjuan Wolf
67%
Equipage de Doflamingo Senor Pink
67%
Royaume Ryugu Shiraoshi
67%
Famille Vinsmoke Vinsmoke Judge
67%
Famille Vinsmoke Vinsmoke Reiju
67%
Associé de Zoro Yosaku
67%
Wano/capitale Ashura Doji
63%
Alabasta Chaka
63%
Famille Charlotte Charlotte Brulé
63%
Royaume de Goa Curly Dadan
63%
Flotte Happo Don Sai
63%
Skypia Gan Forr
63%
Equipage de Barbe Blanche Izo
63%
Punk Hazard | Wano/capitale Kinemon
63%
Alabasta Koza
63%
CP9 Kumadori
63%
Tribu Tontatta Léo
63%
Equipage d'Arlong Meuh-Meuh
63%
Equipage d'Ener Ohm
63%
Clan Kurozumi | Wano/capitale Orochi
63%
Royaume Ryugu Otohime
63%
Baratie Patty
63%
Equipage de Doflamingo Pica
63%
Village de Syrup Piment
63%
Equipage d'Ener Satori
63%
Equipage de Doflamingo Trebol
63%
Equipage du hollandais vollant Vander Decken IX
63%
Famille Vinsmoke Vinsmoke Sora
63%
Dressrossa | Equipage de Doflamingo Violette
63%
Flotte Happo Boo
58%
Passé de Skypia Calgara
58%
Allié des faux chapeau de paille Caribou
58%
Pirate magnifique Cavendish
58%
Famille Charlotte Charlotte Cracker
58%
Famille Charlotte Charlotte Mont d'or
58%
Famille Charlotte Charlotte Oven
58%
Equipage de Doflamingo Dellinger
58%
Wano/capitale Denjiro
58%
Royaume Ryugu Fukaboshi
58%
Equipage d'Ener Gedatsu
58%
Clan Kurozumi | Wano/capitale Kanjuro
58%
Armée Révolutionnaire Karasu
58%
Village d'Erbaf Kashi
58%
Tribu Tontatta Manshelly
58%
Baroque Works Miss Father's day
58%
Baroque Works Miss Friday
58%
Armée Révolutionnaire Morley
58%
Equipage de Big mom Napoléon
58%
Equipage de Big mom | Tribu des minks Pekoms
58%
Equipage du Heart Penguin
58%
Skypia Pierre
58%
Dressrossa Riku Doldo III
58%
Gêoliers d'Impel Down Sadi
58%
Jaya Shojo
58%
CP9 | Ohara Spandine
58%
Allié de Barbe Blanche Squardo
58%
Equipage de Big mom Tamago
58%
Famille Vinsmoke Vinsmoke Ichiji
58%
Famille Vinsmoke Vinsmoke Niji
58%
Famille Vinsmoke Vinsmoke Yonji
58%
Tribu des minks Wanda
58%
Equipage de Big mom Zeus
58%
Armée Révolutionnaire Belo Betty
54%
Famille Charlotte Charlotte Amande
54%
Famille Charlotte Charlotte Daifuku
54%
Ile de Drum Chess
54%
Allié des faux chapeau de paille Coribou
54%
Kuraigana Dracule Mihawk
54%
Armée Révolutionnaire Hack
54%
Archipel des boing Heracles
54%
Equipage du Heart Jean Bart
54%
Equipage de Doflamingo Jora
54%
Wano/capitale Kawamatsu
54%
Wano/capitale Kikunojo
54%
Equipage de Doflamingo Lao G
54%
Armée Révolutionnaire Lindbergh
54%
Equipage de Doflamingo Machvise
54%
Royaume Ryugu Manboshi
54%
Tribu des minks Pedro
54%
Equipage de Big mom Prométhée
54%
Wano/capitale Raizo
54%
Royaume Ryugu Ryuboshi
54%
Equipage du chat noir Sham
54%
Equipage d'Ener Shura
54%
Equipage de Doflamingo Bufallo
50%
Famille Charlotte Charlotte Flampé
50%
Water 7 Chimney
50%
Gêoliers d'Impel Down Domino
50%
CP9 Funkfreed
50%
Equipage de Doflamingo Gladius
50%
Equipage de Foxy Hamburg
50%
Archipel Sabaody Kizaru
50%
Royaume de Goa Makino
50%
Jaya Masira
50%
Gêoliers d'Impel Down Minokoala
50%
Gêoliers d'Impel Down Minotaure
50%
CP9 Nero
50%
Village d'Erbaf Oimo
50%
Equipage de Foxy Porché
50%
Gêoliers d'Impel Down Saldeath
50%
Archipel Sabaody Sentomaru
50%
Archipel Sabaody Shakuyaku
50%
Equipage de Barbe Blanche Thatch
50%
Alabasta Toto
50%
Equipage de Bege Vito
50%
Equipage du hollandais vollant Wadatsumi
50%
Equipage d'Ener Yama
50%
Wano/capitale Yasuie
50%
Ancienne équipage des hommes poissons Aladdin
46%
Equipage de Barbe Blanche Blamenco
46%
Village d'Orange Boodle
46%
Famille Charlotte Charlotte Galette
46%
CP9 Hattori
46%
Equipage d'Ener Hotori
46%
Equipage d'Ener Kotori
46%
Skypia Laki
46%
Royaume Ryugu Megalo
46%
Gêoliers d'Impel Down Minozebre
46%
Flotte Yonta Maria Orlumbus
46%
Wano/capitale O-Toko
46%
Skypia Pagaya
46%
Dressrossa Scarlette
46%
Equipage du Heart Shachi
46%
Water 7 Yokozuna
46%
Skypia Aisa
42%
Punk Hazard Barbe Brune
42%
Royaume de Goa Bluejam
42%
Famille Charlotte Charlotte Snack
42%
Actuel équipage des hommes poissons Daruma
42%
Faux équipage de chapeaux de paille Demaro Black
42%
Famille Charlotte Charlotte Opéra
42%
Famille Charlotte Charlotte Praliné
42%
Ile de Drum Kuromarimo
42%
Franky Family Mozu
42%
Equipage de Barbe Blanche Namur
42%
Wano/capitale O-Tsuru
42%
Water 7 Peeply Lulu
42%
Clan Kurozumi Semimaru
42%
Wano/capitale Shinobu
42%
Royaume de Goa Stelly
42%
CP6 Wanze
42%
Franky Family Zambai
42%
Skypia Braham
38%
Faux équipage de chapeaux de paille Chocolat
38%
Equipage de Bege Gotti
38%
Wano/capitale Gyukimaru
38%
Wano/capitale Hyogoro
38%
Tribu Tontatta Kabu
38%
Skypia Kamakiri
38%
Amazon lily Margarette
38%
Royaume Ryugu Ministre de la droite
38%
Royaume Ryugu Ministre de la gauche
38%
Gêoliers d'Impel Down Minorhinocéros
38%
Punk Hazard Mocha
38%
Punk Hazard Scotch
38%
Franky Family Sodom
38%
Equipage de Big mom Streusen
38%
Wano/capitale Sukiyaki
38%
Water 7 Tilestone
38%
Long ring long land Tonjit
38%
Tribu des minks Zunesha
38%
Equipage d'Ideo Abdullah
33%
Tribu Tontatta Bee Anne
33%
Equipage d'Ideo Blue Gilly
33%
Equipage de Bege Capone Pets
33%
weatheria Haredas
33%
Royaume Ryugu Hoe
33%
Equipage d'Ideo Jeet
33%
Ancienne équipage des hommes poissons | Equipage d'Arlong Kuroobie
33%
Allié de Barbe Blanche Little Oz Jr
33%
Pirate magnifique Suleiman
33%
Actuel équipage des hommes poissons Zeo
33%
Allié des faux chapeau de paille Albion
29%
Skypia Amazon
29%
Enies Lobby Bas
29%
Flotte Yonta Maria Columbus
29%
Equipage de Barbe Blanche Curiel
29%
Archipel Sabaody Disco
29%
Actuel équipage des hommes poissons Dosun
29%
Autres combattant du colissés Elizabello II
29%
Franky Family Gomorrhe
29%
Water 7 Gonbei
29%
Clan Kurozumi Higurashi
29%
Thriller Bark Hildone
29%
Actuel équipage des hommes poissons Hyouzou
29%
Skypia McKinley
29%
Passé de Skypia Nora
29%
Equipage des Géants Road
29%
Long ring long land Shelly
29%
Royaume Ryugu Shyarly
29%
Gêoliers d'Impel Down Sphinx
29%
Alabasta Teracotta
29%
Village d'Erbaf Yorl
29%
Equipage de Barbe Blanche Atmos
25%
Autres combattant du colissés Boby Funk
25%
Faux équipage de chapeaux de paille Cocoa
25%
Equipage de Barbe Blanche Fossa
25%
Allié de Barbe Blanche Freres Decalvan
25%
Barto-club Gambia
25%
Skypia Genbo
25%
Equipage des Géants Gerd
25%
Equipage de Barbe Blanche Haruta
25%
Royaume de Goa Higuma
25%
Village d'Erbaf Jarl
25%
Autres combattant du colissés Kelly Funk
25%
Thriller Bark Kumacy
25%
Allié de Barbe Blanche Mc Guy
25%
Passé de Skypia Mousse
25%
Royaume de Goa Outlook III
25%
Equipage de Barbe Blanche Rakuyo
25%
Archipel Sabaody Saint Charloss
25%
Equipage de Foxy Big Pan
21%
Equipage de Barbe Blanche Blenheim
21%
Equipage du chat noir Buchie
21%
Faux équipage de chapeaux de paille Drip
21%
Pirate magnifique Farul
21%
Tribu Tontatta Gancho
21%
Equipage de Macro Gyaro
21%
Actuel équipage des hommes poissons Hammond
21%
CP7 Jerry
21%
Enies Lobby Kerville
21%
Equipage de Barbe Blanche Kingdew
21%
Faux équipage de chapeaux de paille Manjaro
21%
Equipage de Foxy Pickles
21%
Archipel Sabaody Saint Rosward
21%
Tribu des minks Sicilion
21%
Equipage des Géants Stansen
21%
Enies Lobby Baskerville
17%
Famille Charlotte Charlotte Raisin
17%
Autres combattant du colissés Dagama
17%
Allié de Barbe Blanche Doma
17%
Equipage des Géants Goldbergh
17%
Actuel équipage des hommes poissons Ikaros Much
17%
Equipage de Foxy Kapoty
17%
Allié des faux chapeau de paille Lip Doughty
17%
Jaya Roshio
17%
Equipage de Barbe Blanche Speed Jill
17%
Equipage de Macro Tansui
17%
Gêoliers d'Impel Down Basilic
13%
Thriller Bark Freres Risky
13%
Equipage de Big mom King Baum
13%
Faux équipage de chapeaux de paille Mounblutain
13%
Archipel Sabaody Saint Sharlia
13%
Autres combattant du colissés Spartan
13%
Faux équipage de chapeaux de paille Turco
13%
Tribu Tontatta Wicka
13%
Autres combattant du colissés Acilia
8%
Famille Charlotte Charlotte Bavarois
8%
Autres combattant du colissés Damask
8%
Autres combattant du colissés Jean Ango
8%
Autres combattant du colissés Meadows
8%
Autres combattant du colissés Mumy
8%
Archipel Sabaody Peterman
8%
Autres combattant du colissés Rolling Logan
8%
Dressrossa Tank Lepanto
8%
Archipel Sabaody Devil Dias
4%
Clan Kurozumi Fukurokugu
4%
Clan Kurozumi Hotei
4%
Passé de Skypia Seto
4%
Aucun quiz correspondant
Distribution des résultats
% des personnes avec chaque résultat
Percentile par nombre de réponses
Votre historique - résultats
Vous n’avez pas pris ce quiz depuis la dernière actualisation